JUVENTUD CHILENA : REBELDIA Y CONFORMISMO /

Salvato in:
Dettagli Bibliografici
Autore principale: Mattelart, Armand (autor)
Altri autori: Mattelart, Michèle (autor) (autor)
Natura: Libro
Serie:PROBLEMAS DE NUESTRO TIEMPO
Soggetti:
Tags: Aggiungi Tag
Nessun Tag, puoi essere il primo ad aggiungerne!!

MARC

LEADER 00000nam^a2200000^a^4500
001 000232637
005 20250521000000.0
009 20260310104612.234
035 |a 055929 
037 |a Acervo Xavier Clavigero 
082 |a 305. 235  |b MAT 
100 |a Mattelart, Armand  |e (autor) 
245 1 0 |a JUVENTUD CHILENA :  |b REBELDIA Y CONFORMISMO /  |c ARMAND MATTELART, MICHELE MATTELART 
264 |a CHILE :  |b UNIVERSITARIA,  |c 1970 
300 |a 335 p. 
336 |a texto  |b txt  |2 rdacontenido 
337 |a sin mediación  |b n  |2 rdamedio 
338 |a volumen  |b nc  |2 rdasoporte 
440 |a PROBLEMAS DE NUESTRO TIEMPO 
649 |a XX 
650 |a JUVENTUD -  |x CHILE 
700 |a Mattelart, Michèle  |e (autor) 
910 |a Fondo General 
920 |a Impresos - Libros 
930 |a Colección General 
905 |a 101 
901 |a 055929  |b IT1  |c ACC  |i 055929  |u 20250521 
902 |a https://opac.biblio.iteso.mx/vufind/Record/000232637